|
|
|
|
| LEADER |
01394nam a2200325 a 4500 |
| 001 |
AAL 5616 |
| 003 |
BD-DhAAL |
| 005 |
20160209171938.0 |
| 008 |
150124s1994 nyu b 001 0 eng |
| 010 |
|
|
|a 93017612
|
| 020 |
|
|
|a 0070496714
|
| 040 |
|
|
|a DLC
|c DLC
|d DLC
|d BD-DhAAL
|
| 050 |
0 |
0 |
|a JK2408
|b .P444 1994
|
| 082 |
0 |
0 |
|a 320.8/0973
|2 20
|
| 100 |
1 |
|
|a Peterson, Steven A.
|9 7420
|
| 245 |
1 |
0 |
|a State and local politics /
|c Steven A. Peterson, Thomas H. Rasmussen.
|
| 260 |
|
|
|a New York :
|b McGraw-Hill,
|c c1994.
|
| 300 |
|
|
|a vii, 364 p. ;
|c 21 cm.
|
| 490 |
|
|
|a McGraw-Hill's college core books
|
| 500 |
|
|
|a "A Schaum publication"--Cover.
|
| 504 |
|
|
|a Includes bibliographical references (p. 323-356) and index.
|
| 541 |
|
|
|e 5616
|
| 650 |
|
0 |
|a State governments
|z United States.
|9 7421
|
| 650 |
|
0 |
|a Local government
|z United States.
|9 7422
|
| 700 |
1 |
|
|a Rasmussen, Thomas Houser,
|d 1939-
|9 7423
|
| 942 |
|
|
|2 ddc
|c BK
|
| 999 |
|
|
|c 33494
|d 33494
|
| 952 |
|
|
|0 0
|1 0
|2 ddc
|4 0
|6 320_809730000000000_PET
|7 0
|9 50324
|a SCL
|b SCL
|c GEN
|d 2015-01-24
|l 0
|o 320.80973 PET
|p 3020005616
|r 2015-01-24
|t 1
|w 2015-01-24
|y BK
|
| 952 |
|
|
|0 0
|1 0
|2 ddc
|4 0
|6 320_809730000000000_PET
|7 0
|9 52396
|a SCL
|b SCL
|c GEN
|d 2015-02-01
|l 0
|o 320.80973 PET
|p 3020003864
|r 2015-02-01
|t 2
|w 2015-02-01
|y BK
|
| 952 |
|
|
|0 0
|1 0
|2 ddc
|4 0
|6 320_809730000000000_PET
|7 0
|9 52397
|a SCL
|b SCL
|c GEN
|d 2015-02-01
|l 0
|o 320.80973 PET
|p 3020005617
|r 2015-02-01
|t 3
|w 2015-02-01
|y BK
|